Same Name Trios VII Quiz Stats

 Plays Quiz Updated May 29, 2019

Score 0/30 Timer 04:00
9 Plays Today
% Correct
William
92.7%
Ronald
92.7%
Peter
88.3%
Dion
88%
Abraham
86.6%
Wood
86.3%
Carmen
85.3%
Hugo
84.3%
Duke
82.4%
Leo
80.4%
Ross
79.7%
Yuri
79.4%
Leon
77.2%
Hayes
76%
Patrick
75.6%
% Correct
Jean
74.9%
Grover
73.6%
Blair
72.3%
Robbie
68.8%
Courtney
68.8%
Bryan
68.1%
Brady
67.3%
Tyson
66.9%
Nash
65.8%
Becker
61.4%
Baker
61%
Carter
60.6%
Brian
55.8%
Ridley
51%
Ripley
40.7%

You're not logged in!

Compare scores with friends on all Sporcle quizzes.
OR
Log In

Sporcle TV

Today on Sporcle TV


Watch our educational content, quiz creation guides, and fun videos on Sporcle TV.

Show Comments

Extras

Top Quizzes Today


Score Distribution

Your Account Isn't Verified!

In order to create a playlist on Sporcle, you need to verify the email address you used during registration. Go to your Sporcle Settings to finish the process.

Report this User

Report this user for behavior that violates our Community Guidelines.

Details: